Discurso preliminar del proyecto de código civil francés

Na minha lista:
Detalhes bibliográficos
Autor principal: Portalis, Jean-Etienne-Marie (Author)
Formato: Livro
Idioma:espanhol
Publicado em: Valparaíso EDEVAL 1978
Colecção:Juristas Perennes, 2
Assuntos:
Tags: Adicionar Tag
Sem tags, seja o primeiro a adicionar uma tag!

MARC

LEADER 00000nam a2200000 a 4500
001 UCS1711
003 CL-VaPUC
008 970515e19780000CL |||||||||||||||||spa|d
082 0 4 |a 346.44  |b POR  |2 21 
100 0 |a Portalis, Jean-Etienne-Marie  |e author  |9 386432 
245 1 0 |a Discurso preliminar del proyecto de código civil francés 
300 |a 135 p 
942 |c BK 
945 |d 19970515 00:00:00  |a paguirre 
260 |a Valparaíso  |b EDEVAL  |c 1978 
650 0 |a Derecho civil  |9 255013 
650 0 |a Códigos  |9 352314 
650 7 |a MATRIMONIO  |2 CL-VaPUC  |9 386433 
650 0 |a Filiación  |9 256647 
650 7 |a LEGISLACION  |2 CL-VaPUC  |9 386434 
651 0 |a Francia  |9 255157 
583 |a last modification  |c 19970515 00:00:00  |k Rodrigo Vera 
490 0 |a Juristas Perennes, 2 
999 |c 259743  |d 259741 
952 |0 0  |1 0  |4 0  |6 346_440000000000000_POR_1978  |7 0  |8 A  |9 285044  |a BIBDER  |b BIBDER  |d 2019-11-19  |i 1850032  |l 1  |m 1  |o 346.44 POR 1978  |p 1850032  |r 2023-01-25  |s 2020-03-13  |w 2019-11-19  |y BK  |k DER 
952 |0 0  |1 0  |4 0  |6 346_440000000000000_POR_1978  |7 0  |8 DER_HIS  |9 285045  |a BIBDER  |b BIBDER  |d 2019-11-19  |i 188722K  |o 346.44 POR 1978  |p 188722K  |r 2023-01-25  |w 2019-11-19  |x Ubicación 4to Piso  |y BK  |z Estos recursos deben solicitarse con anticipación  |k DER